[Event "11th ch-SRB 2017"]
[Site "masterchessopen.com Kragujevac SRB"]
[Date "2017.03.31"]
[Round "9.3"]
[White "Irizanin,R"]
[Black "Markus,Rob"]
[Result "0-1"]
[WhiteElo "2348"]
[BlackElo "2671"]

1.d4 Nf6 2.Nf3 g6 3.b4 Bg7 4.e3 O-O 5.Be2 d6 6.Bb2 c5 7.bxc5 dxc5 8.O-O cxd4
9.Nxd4 Qb6 10.Ba3 Nc6 11.Nxc6 bxc6 12.Bxe7 Re8 13.Ba3 Nd5 14.c3 Bxc3 15.Nxc3
Nxc3 16.Qc2 Nxe2+ 17.Qxe2 Ba6 18.Qc2 Bxf1 19.Qc3 c5 20.Rxf1 Rac8 21.h4 f6
22.h5 Kf7 23.Rd1 Red8 24.Rxd8 Qxd8 25.Qc4+ Kg7 26.f3 Qe7 27.Kf2 Qe5 28.hxg6
hxg6 29.f4 Qd6 30.Kf3 Qc6+ 31.Kg3 Rc7 32.Kh2 Qe8 33.e4 Qf7 34.Qc3 g5 35.Bb2
gxf4 36.e5 Qh5+ 37.Kg1 Qd1+ 38.Kh2 Kg6 39.Kh3 {#R} 0-1

[Event "11th ch-SRB 2017"]
[Site "masterchessopen.com Kragujevac SRB"]
[Date "2017.03.31"]
[Round "9.4"]
[White "Ivanisevic,I"]
[Black "Pap,M"]
[Result "1-0"]
[WhiteElo "2630"]
[BlackElo "2493"]

1.d4 Nf6 2.c4 c5 3.d5 b5 4.Nd2 bxc4 5.e4 Bb7 6.Bxc4 e6 7.Ne2 Bd6 8.Qb3 Qb6
9.Qc3 Qc7 10.Nf3 exd5 11.exd5 O-O 12.Qd3 Ng4 13.Ng5 f5 14.f4 Ba6 15.O-O Bxc4
16.Qxc4 Qb7 17.Nc3 Na6 18.Nb5 Qb6 19.Bd2 Rab8 20.Nxd6 Qxd6 21.Rae1 h6 22.Nf3
Nc7 23.h3 Nf6 24.Re5 Ncxd5 25.Nh4 Rf7 26.Nxf5 Qc6 27.b3 Re8 28.Rfe1 Kf8 29.Nh4
Rc8 30.Ng6+ Kg8 31.Re7 Qa8 32.Rxf7 Kxf7 33.f5 d6 34.Re7+ Kg8 35.Bc3 Kh7
36.Bxf6 Nxf6 37.Qf7 Nh5 38.Nf4 {#r} 1-0

[Event "28th NATO Chess 2017"]
[Site "masterchessopen.com Budapest HUN"]
[Date "2017.03.31"]
[Round "7.3"]
[White "Ladva,O"]
[Black "Przedmojski,R"]
[Result "1-0"]
[WhiteElo "2529"]
[BlackElo "2360"]

1.Nf3 f5 2.g3 Nf6 3.Bg2 e6 4.d4 d5 5.c4 c6 6.O-O Bd6 7.b3 Qe7 8.Qc2 O-O 9.Bf4
Bxf4 10.gxf4 b6 11.Ne5 Bb7 12.e3 Na6 13.Nc3 Rac8 14.Qe2 Nb8 15.Rac1 Ne4
16.Nxe4 dxe4 17.f3 c5 18.fxe4 Bxe4 19.Bxe4 fxe4 20.Qc2 Qb7 21.Rcd1 Na6 22.d5
Nb4 23.Qxe4 exd5 24.cxd5 Nxa2 25.Qg2 Nb4 26.e4 Rf6 27.f5 b5 28.Ng4 Ra6 29.f6
Kh8 30.f7 Rf8 31.d6 Ra2 32.Qf3 Nc6 33.e5 Qd7 34.Qf5 Qxf5 35.Rxf5 Nd8 36.e6
Nxe6 37.Re5 {#r} 1-0

[Event "28th NATO Chess 2017"]
[Site "masterchessopen.com Budapest HUN"]
[Date "2017.03.31"]
[Round "7.4"]
[White "Pietruszewski,M"]
[Black "Pavlidis,Ana"]
[Result "0-1"]
[WhiteElo "2234"]
[BlackElo "2380"]

1.e4 e5 2.Nf3 Nc6 3.Bb5 Nge7 4.Nc3 Ng6 5.d4 exd4 6.Nxd4 Nxd4 7.Qxd4 c6 8.Be2
Qb6 9.Qxb6 axb6 10.b3 b5 11.Bb2 Bc5 12.O-O O-O 13.a4 b4 14.Nb1 d6 15.Nd2 f5
16.Rae1 Be6 17.Bc4 Bxc4 18.bxc4 Rxa4 19.Ra1 Rxa1 20.Rxa1 Ne5 21.Bxe5 dxe5
22.exf5 Bd4 23.Ra4 Rxf5 24.Ne4 Rf4 25.Ra8+ Kf7 26.Ng5+ Ke7 27.Nh3 Re4 28.Kf1
Bc5 29.Rb8 Rxc4 30.Ng5 Kf6 31.h4 h6 {#R} 0-1

[Event "28th NATO Chess 2017"]
[Site "masterchessopen.com Budapest HUN"]
[Date "2017.03.31"]
[Round "7.6"]
[White "Pavlidou,E"]
[Black "Drabke,L"]
[Result "0-1"]
[WhiteElo "2166"]
[BlackElo "2466"]

1.d4 d5 2.c4 c6 3.Nf3 Nf6 4.Nbd2 Bf5 5.g3 e6 6.Bg2 Nbd7 7.O-O h6 8.b3 a5 9.a3
Qb8 10.Bb2 Bd6 11.Qc1 O-O 12.Re1 Bh7 13.Bc3 b5 14.c5 Bc7 15.b4 Ne4 16.Qb2 Nxc3
17.Qxc3 f5 18.e3 g5 19.Nb3 a4 20.Nc1 g4 21.Nd2 e5 22.Nd3 Qe8 23.Rad1 Qe7
24.Nb1 Rae8 25.dxe5 Nxe5 26.Nf4 Bg6 27.Qc1 Kh7 28.Nc3 h5 29.Rd4 Bf7 30.Qc2 Qf6
31.Red1 Bg6 32.Qe2 Rf7 33.Ncxd5 cxd5 34.Nxd5 Qa6 35.Nxc7 Rxc7 36.Rd6 Qc8
37.Qxb5 f4 38.exf4 Nf3+ 39.Bxf3 gxf3 40.Rd7+ Rxd7 41.Rxd7+ Kh6 42.h4 Re1+
43.Kh2 Qe8 44.g4 Rh1+ 45.Kg3 Rg1+ {#R} 0-1

[Event "28th NATO Chess 2017"]
[Site "masterchessopen.com Budapest HUN"]
[Date "2017.03.31"]
[Round "7.7"]
[White "Cheung,J"]
[Black "Wantiez,F"]
[Result "1-0"]
[WhiteElo "2045"]
[BlackElo "2265"]

1.d4 Nf6 2.c4 g6 3.Nc3 d5 4.Nf3 Bg7 5.Qb3 dxc4 6.Qxc4 O-O 7.e4 Nc6 8.Be2 Bg4
9.d5 Bxf3 10.gxf3 Ne5 11.Qb3 c6 12.f4 Ned7 13.dxc6 bxc6 14.O-O Nb6 15.Be3 Qb8
16.a4 e5 17.fxe5 Qxe5 18.a5 Nbd7 19.f4 Qe7 20.Bf3 Rfb8 21.Qc4 Rxb2 22.Qxc6 Qe8
23.Nd1 Rb3 24.e5 Rc8 25.Qa4 Rxe3 26.Nxe3 g5 27.Nf5 gxf4 28.exf6 Bxf6 29.Rae1
Qf8 30.Qxd7 Qc5+ 31.Kh1 {#r} 1-0

[Event "28th NATO Chess 2017"]
[Site "masterchessopen.com Budapest HUN"]
[Date "2017.03.31"]
[Round "7.11"]
[White "Dusak,Aljaz"]
[Black "Bohn,U"]
[Result "0-1"]
[WhiteElo "1984"]
[BlackElo "2167"]

1.Nf3 g6 2.c4 Bg7 3.Nc3 c5 4.g3 Nc6 5.Bg2 a6 6.e3 Nh6 7.O-O Nf5 8.Rb1 b5 9.d4
bxc4 10.Ne5 cxd4 11.Nxc6 dxc6 12.g4 dxc3 13.gxf5 Bxf5 14.Bxc6+ Kf8 15.Qf3 Bxb1
16.Bxa8 Bd3 17.bxc3 Bxf1 18.Bd5 Bf6 19.Kxf1 Qc7 20.Kg2 Kg7 21.h4 e6 22.h5 gxh5
23.e4 Rg8 24.Bf4 Be5 25.Bxe5+ Qxe5 26.Bxc4 Kh8+ 27.Kf1 Rc8 28.Qxf7 Qxc3
29.Bxe6 Rd8 30.Bd5 Qe5 31.f4 Qc3 32.f5 Rc8 33.Bb3 Qf3+ 34.Ke1 Rc1+ 35.Kd2 Qc3+
{#R} 0-1

[Event "28th NATO Chess 2017"]
[Site "masterchessopen.com Budapest HUN"]
[Date "2017.03.31"]
[Round "7.14"]
[White "Binder,Ta"]
[Black "Cirkvencic,F"]
[Result "1-0"]
[WhiteElo "2247"]
[BlackElo "2030"]

1.d4 Nf6 2.c4 e6 3.Nf3 b6 4.g3 Bb7 5.Bg2 Be7 6.O-O O-O 7.Nc3 Ne4 8.Nxe4 Bxe4
9.b3 d6 10.Bb2 Nd7 11.Ne1 Bxg2 12.Nxg2 Bf6 13.Qc2 Re8 14.Ne3 g6 15.Rfd1 Bg7
16.a4 a5 17.Ra2 Qc8 18.Ba3 c5 19.dxc5 dxc5 20.Qe4 Nf6 21.Qf3 e5 22.Rad2 e4
23.Qf4 Nh5 24.Qd6 Bd4 25.Nd5 e3 26.fxe3 Rxe3 27.Rxd4 cxd4 28.Nxe3 dxe3 29.Qxb6
Qe8 30.Bb2 Rb8 31.Qd4 f6 32.Rd3 {#r} 1-0

[Event "28th NATO Chess 2017"]
[Site "masterchessopen.com Budapest HUN"]
[Date "2017.03.31"]
[Round "7.15"]
[White "Casteleijn,Diederick"]
[Black "Watters,C"]
[Result "1-0"]
[WhiteElo "2048"]
[BlackElo "2198"]

1.e4 c6 2.Ne2 d5 3.e5 c5 4.b4 cxb4 5.a3 Nc6 6.d4 Bf5 7.Ng3 e6 8.Nxf5 exf5
9.axb4 Bxb4+ 10.c3 Ba5 11.Bd3 Qd7 12.O-O Nge7 13.Bb5 Bb6 14.Re1 O-O 15.Re3 Qe6
16.Rg3 f6 17.exf6 Rxf6 18.Bg5 Rf7 19.Re3 Qg6 20.h4 h6 21.Bxe7 Nxe7 22.Bd7 Kf8
23.Be6 Rf6 24.h5 Qg5 25.Nd2 Bc7 26.Nf3 Qxh5 27.Qb3 f4 28.Ree1 b6 29.Qb4 Qg6
30.Bxd5 Bd6 31.Qb3 Rd8 32.Rxa7 Qe8 33.Ne5 f3 34.Bc6 Qh5 35.Bxf3 Qg5 36.Nd7+
Rxd7 37.Ra8+ {#r} 1-0

[Event "28th NATO Chess 2017"]
[Site "masterchessopen.com Budapest HUN"]
[Date "2017.03.31"]
[Round "7.16"]
[White "Kersic,M"]
[Black "Oblak,Nicholas"]
[Result "1-0"]
[WhiteElo "2167"]
[BlackElo "2043"]

1.e4 d6 2.d4 Nf6 3.Nc3 g6 4.Nf3 Bg7 5.Be2 O-O 6.O-O Nbd7 7.h3 Nb6 8.Be3 Bd7
9.Qd2 Re8 10.Bh6 Bh8 11.Rad1 Qc8 12.Ng5 c5 13.d5 Bg7 14.Bxg7 Kxg7 15.f4 h6
16.Nf3 c4 17.Qd4 e6 18.dxe6 Bxe6 19.Qxd6 Bxh3 20.gxh3 Qxh3 21.Nh2 Qe3+ 22.Kh1
Rad8 23.Qa3 Nh5 24.Bxh5 gxh5 25.Rxd8 Rxd8 26.Qe7 Rd7 27.Qe8 Qd4 28.Rg1+ Kf6
29.Nf3 Qc5 30.Ne5 Qf2 31.Nxd7+ {#r} 1-0

[Event "28th NATO Chess 2017"]
[Site "masterchessopen.com Budapest HUN"]
[Date "2017.03.31"]
[Round "7.22"]
[White "Marquardt,C"]
[Black "De Cat,B"]
[Result "1-0"]
[WhiteElo "2116"]
[BlackElo "1901"]

1.c4 d6 2.Nc3 e5 3.Nf3 Nf6 4.d4 Nbd7 5.g3 c6 6.Bg2 Be7 7.b3 O-O 8.e4 Qa5 9.Bd2
Qc7 10.O-O Re8 11.h3 Nf8 12.d5 c5 13.Qe2 Rd8 14.Ne1 Ne8 15.f4 exf4 16.gxf4 Bf6
17.Nd3 Bd4+ 18.Kh1 Ng6 19.Nb5 Qe7 20.Nxd4 cxd4 21.Be1 f5 22.e5 Nf6 23.e6 b5
24.cxb5 a5 25.Qb2 Qb7 26.a4 Nxd5 27.Qxd4 Bxe6 28.b4 Rac8 29.bxa5 Rc2 30.a6 Qa8
31.Bf3 Rdc8 32.Nb4 Ngxf4 33.Qxf4 R8c4 34.Qxd6 Rxb4 35.Qxe6+ Kh8 36.Bxb4 {#r}
1-0

[Event "28th NATO Chess 2017"]
[Site "masterchessopen.com Budapest HUN"]
[Date "2017.03.31"]
[Round "7.23"]
[White "Graczyk,D"]
[Black "Koopmeiners,K"]
[Result "1-0"]
[WhiteElo "2106"]
[BlackElo "2004"]

1.d4 Nf6 2.Nf3 e6 3.Bf4 d5 4.e3 Be7 5.Nbd2 O-O 6.Bd3 c5 7.c3 b6 8.O-O Ba6
9.Bxa6 Nxa6 10.Ne5 Qc8 11.h3 c4 12.b3 b5 13.a4 b4 14.cxb4 Nxb4 15.bxc4 dxc4
16.Nexc4 Qa6 17.Qb3 Rac8 18.Rfc1 Rfd8 19.Bg3 Nh5 20.Bh2 Nf6 21.a5 Rd7 22.Ne5
Rdd8 23.Rxc8 Rxc8 24.Ndc4 h6 25.f3 Nfd5 26.e4 Nb6 27.Ne3 Nc6 28.Nf5 Bf8
29.Nxc6 Rxc6 30.d5 exd5 31.exd5 Rg6 32.d6 Rg5 33.g4 Nd7 34.Ne7+ {#r} 1-0

[Event "28th NATO Chess 2017"]
[Site "masterchessopen.com Budapest HUN"]
[Date "2017.03.31"]
[Round "7.24"]
[White "Papista,A"]
[Black "Portman,Carl S"]
[Result "1-0"]
[WhiteElo "2096"]
[BlackElo "1869"]

1.d4 e6 2.Nf3 Nf6 3.Bf4 d5 4.Nbd2 Be7 5.e3 O-O 6.Bd3 c5 7.c3 b6 8.Qe2 Nc6
9.O-O Bb7 10.Ne5 a5 11.Bg3 g6 12.Ndf3 Nh5 13.Nxc6 Bxc6 14.Ne5 Be8 15.f4 f5
16.Be1 c4 17.Bc2 a4 18.a3 Nf6 19.h3 Bd6 20.Bh4 Qc7 21.g4 Bxe5 22.fxe5 Ne4
23.Bxe4 fxe4 24.Bf6 h6 25.Qe1 Bc6 26.Qh4 Qh7 27.Be7 g5 28.Bxg5 hxg5 29.Qxg5+
Qg7 30.Qxg7+ Kxg7 31.Kg2 Kg6 32.Kg3 Kg7 33.h4 Rxf1 34.Rxf1 Rf8 35.Rxf8 Kxf8
36.Kf4 Be8 37.Kg5 Kg7 38.h5 b5 39.h6+ Kh7 40.Kf6 Kxh6 41.Kxe6 Kg5 42.Kxd5 Bg6
43.e6 Kxg4 44.Ke5 Kf3 45.d5 Kxe3 46.d6 Kd2 47.d7 e3 48.d8=Q+ Bd3 49.Qg5 {#r}
1-0

[Event "ch-ROU 2017"]
[Site "masterchessopen.com Calimanesti-Caciulata ROU"]
[Date "2017.03.31"]
[Round "7.1"]
[White "Lupulescu,C"]
[Black "Istratescu,A"]
[Result "0-1"]
[WhiteElo "2620"]
[BlackElo "2579"]

1.d4 Nf6 2.c4 c6 3.Bf4 Qb6 4.e3 Qxb2 5.Nd2 d6 6.Rb1 Qa3 7.Ngf3 Nbd7 8.Be2 Nh5
9.O-O Qa5 10.Re1 g6 11.c5 d5 12.Be5 Nxe5 13.Nxe5 Nf6 14.e4 Bh6 15.Nb3 Qc7
16.exd5 Nxd5 17.Bc4 O-O 18.Qf3 Bf5 19.Rb2 Rad8 20.Rbe2 Be6 21.h4 Nf4 22.Re4
Bxc4 23.Nxc4 Nd5 24.h5 Bg7 25.hxg6 hxg6 26.Ne5 Bxe5 27.dxe5 Kg7 28.e6 f5
29.Re5 Rh8 30.g4 Rdf8 31.gxf5 Rxf5 32.Rxf5 Qh2+ 33.Kf1 gxf5 34.Qxf5 Nf4
35.Qg4+ Kf6 36.Re3 Qh1+ 37.Qg1 Qd5 {#R} 0-1

[Event "ch-ROU 2017"]
[Site "masterchessopen.com Calimanesti-Caciulata ROU"]
[Date "2017.03.31"]
[Round "7.4"]
[White "Talu,Mircea"]
[Black "Anton,T"]
[Result "0-1"]
[WhiteElo "2091"]
[BlackElo "2412"]

1.d4 Nf6 2.c4 e6 3.Nc3 Bb4 4.f3 d5 5.a3 Be7 6.e4 dxe4 7.fxe4 e5 8.d5 Bc5 9.Bg5
h6 10.Bxf6 Qxf6 11.Qf3 Qg6 12.Bd3 O-O 13.Nge2 Bg4 14.Qg3 Nd7 15.h3 Bxe2
16.Nxe2 Qb6 17.O-O-O Qb3 18.Rd2 Nb6 19.Rc2 Na4 20.Rd1 Rfe8 21.Qe1 a5 22.Nc3
Nxc3 23.Rxc3 Qb6 24.Be2 Bd4 25.Rc2 Qc5 26.Bf3 Ra6 27.Rd3 Rb6 28.Qe2 Ra8 29.h4
a4 30.Kd1 Raa6 31.g4 Bxb2 32.Rxb2 Qg1+ 33.Kc2 Rxb2+ 34.Kxb2 Rb6+ 35.Kc2 Qb1+
{#R} 0-1

[Event "ch-ROU 2017"]
[Site "masterchessopen.com Calimanesti-Caciulata ROU"]
[Date "2017.03.31"]
[Round "7.5"]
[White "Parligras,M"]
[Black "Badea,B"]
[Result "1-0"]
[WhiteElo "2601"]
[BlackElo "2456"]

1.d4 d6 2.Nf3 Nf6 3.c4 Nbd7 4.Nc3 e5 5.e4 g6 6.Be2 Bg7 7.O-O c6 8.Be3 Ng4
9.Bg5 f6 10.Bd2 Nh6 11.b4 Nf7 12.Qb3 Qe7 13.d5 c5 14.Nb5 Qd8 15.Ne1 O-O 16.Nd3
b6 17.a4 f5 18.f3 a5 19.bxa5 bxa5 20.exf5 gxf5 21.Rab1 Nf6 22.Qd1 Re8 23.Kh1
Bh6 24.Bc3 Be3 25.Qe1 f4 26.Qh4 Nh8 27.Qg5+ Ng6 28.Ne1 Kf7 29.Bd3 Rg8 30.Qh6
Ne7 31.g4 Rg7 32.Ng2 Bd4 33.Bxd4 cxd4 34.g5 Neg8 35.Qh4 Ne8 36.g6+ {#r} 1-0

[Event "ch-ROU 2017"]
[Site "masterchessopen.com Calimanesti-Caciulata ROU"]
[Date "2017.03.31"]
[Round "7.6"]
[White "Nevednichy,V"]
[Black "Bida,M"]
[Result "1-0"]
[WhiteElo "2547"]
[BlackElo "2449"]

1.c4 e5 2.Nc3 Nf6 3.g3 Bb4 4.Bg2 h6 5.d3 Bxc3+ 6.bxc3 d6 7.e4 Nbd7 8.Ne2 O-O
9.O-O a6 10.a4 Nc5 11.h3 Bd7 12.f4 Re8 13.Be3 b6 14.Ra2 Ne6 15.Kh2 Qe7 16.f5
Nc5 17.g4 Nh7 18.Ng1 Bc6 19.Nf3 Qd7 20.h4 Nxa4 21.Qd2 f6 22.g5 hxg5 23.hxg5
fxg5 24.Bh3 Qf7 25.Rg1 Nc5 26.Bxg5 Qh5 27.Qe3 Kf7 28.Rag2 Rh8 29.Bh4 Rag8
30.d4 Bxe4 31.Bg4 Qh6 32.Qxh6 gxh6 33.Bh5+ Kf8 34.dxc5 Ng5 35.Nxg5 hxg5
36.Rxg5 Rxg5 37.Rxg5 a5 38.cxd6 cxd6 39.Kh3 a4 40.Bg6 a3 41.Rg1 a2 42.Ra1 Bb1
43.Kg4 Rg8 44.Bf6 {#r} 1-0

[Event "ch-ROU 2017"]
[Site "masterchessopen.com Calimanesti-Caciulata ROU"]
[Date "2017.03.31"]
[Round "7.10"]
[White "Miron,L"]
[Black "Banzea,Alexandru-Bogdan"]
[Result "0-1"]
[WhiteElo "2502"]
[BlackElo "2232"]

1.Nf3 c5 2.c4 Nc6 3.g3 g6 4.d4 cxd4 5.Nxd4 Bg7 6.Nc2 d6 7.Bg2 Be6 8.Ne3 Qd7
9.Nc3 Nf6 10.Ncd5 Ng4 11.Rb1 Nxe3 12.Nxe3 Bh3 13.Bxh3 Qxh3 14.b3 O-O 15.Bb2
Bxb2 16.Rxb2 a6 17.Qd5 Rfc8 18.Rd2 b5 19.cxb5 axb5 20.Qxb5 Ra5 21.Qc4 Ne5
22.Qe4 Rc1+ 23.Nd1 f5 24.Qb7 Nc6 25.Rf1 Kf7 26.b4 Re5 27.b5 Nb4 28.Qf3 Rxb5
29.a4 Rbc5 30.Qb3+ R5c4 31.e3 Qxh2 32.Ke2 d5 33.Nb2 Qh5+ 34.g4 Qxg4+ 35.f3
Qg2+ 36.Rf2 Qg1 37.Nd3 Nxd3 38.Kxd3 e5 39.Qb7+ Ke6 {#R} 0-1

[Event "ch-ROU 2017"]
[Site "masterchessopen.com Calimanesti-Caciulata ROU"]
[Date "2017.03.31"]
[Round "7.11"]
[White "Posedaru,B"]
[Black "Gilea,L"]
[Result "0-1"]
[WhiteElo "2338"]
[BlackElo "2255"]

1.d4 Nf6 2.c4 e6 3.Nc3 Bb4 4.Qc2 Nc6 5.Nf3 O-O 6.Bd2 d5 7.e3 Re8 8.a3 Bf8
9.Rd1 a6 10.Bc1 Na5 11.Ne5 c5 12.dxc5 Qc7 13.cxd5 Qxe5 14.f4 Qb8 15.Qa4 exd5
16.Qxa5 Qxf4 17.Be2 Qh4+ 18.g3 Qh3 19.Bf1 Qh5 20.Be2 Bg4 21.Bxg4 Nxg4 22.Nxd5
Nxe3 23.Bxe3 Qf3 24.Rf1 Rxe3+ 25.Kd2 Qxd5+ 26.Kxe3 Bxc5+ {#R} 0-1

[Event "ch-ROU 2017"]
[Site "masterchessopen.com Calimanesti-Caciulata ROU"]
[Date "2017.03.31"]
[Round "7.13"]
[White "Raducanu,A"]
[Black "Martian,D"]
[Result "0-1"]
[WhiteElo "2132"]
[BlackElo "2275"]

1.Nf3 c5 2.c4 Nc6 3.Nc3 e5 4.e3 Nf6 5.d4 cxd4 6.exd4 e4 7.Ng5 Bb4 8.d5 Ne5
9.Qd4 d6 10.Nxe4 Nxe4 11.Qxe4 O-O 12.Be2 f5 13.Qf4 Ng6 14.Qd2 f4 15.a3 Bxc3
16.Qxc3 Qe7 17.Kd1 Qh4 18.Qd4 f3 19.Qxh4 fxe2+ 20.Kxe2 Nxh4 21.Rg1 Bg4+ 22.f3
Rae8+ 23.Kd1 Bh5 24.Kc2 Re2+ 25.Kd3 Rxg2 26.Rxg2 Nxg2 27.f4 Nxf4+ 28.Bxf4 Rxf4
29.b4 Bg6+ 30.Kc3 Rf3+ 31.Kb2 b6 32.a4 a5 33.bxa5 bxa5 34.Re1 Kf7 35.Re6 Rf6
36.Re3 Rf2+ 37.Kc3 Bf5 38.h4 h5 39.Kb3 Rh2 40.Re1 Rh3+ 41.Kb2 Rxh4 {#R} 0-1

[Event "ch-ROU 2017"]
[Site "masterchessopen.com Calimanesti-Caciulata ROU"]
[Date "2017.03.31"]
[Round "7.20"]
[White "Ghimpu,Samuel-Timotei"]
[Black "Ognean,Mihnea-Ionut"]
[Result "0-1"]
[WhiteElo "2007"]
[BlackElo "2128"]

1.d4 Nf6 2.c4 e6 3.Nc3 Bb4 4.g3 O-O 5.Bg2 d5 6.Nf3 c6 7.O-O Nbd7 8.Qb3 Bd6
9.Rd1 Qe7 10.Bf4 Bxf4 11.gxf4 Ne8 12.Ne5 Nd6 13.Qa3 f6 14.Nxd7 Qxd7 15.c5 Nf5
16.Qb3 Qf7 17.Rd3 Nh4 18.e4 Kh8 19.Re1 e5 20.dxe5 fxe5 21.f5 g6 22.exd5 Bxf5
23.Be4 Bxe4 24.Nxe4 cxd5 25.Rh3 Nf3+ 26.Rxf3 Qxf3 27.Qxd5 Qf5 28.Qxb7 Rab8
29.Qxa7 Rb4 30.c6 Rxe4 31.Rxe4 Qxe4 32.c7 Qd4 {#R} 0-1

[Event "ch-ROU 2017"]
[Site "masterchessopen.com Calimanesti-Caciulata ROU"]
[Date "2017.03.31"]
[Round "7.21"]
[White "Marchidan,Costica"]
[Black "Vrencian,Lehel"]
[Result "0-1"]
[WhiteElo "1718"]
[BlackElo "2296"]

1.d4 d5 2.Nf3 Nf6 3.c4 dxc4 4.Nc3 a6 5.e4 b5 6.a4 b4 7.e5 bxc3 8.exf6 cxb2
9.Bxb2 exf6 10.Bxc4 Bb4+ 11.Nd2 O-O 12.O-O Bb7 13.Nf3 Nd7 14.a5 Qe7 15.Qb3
Rab8 16.Ba3 Bxa3 17.Qxa3 Qxa3 18.Rxa3 Rfe8 19.Rb1 Kf8 20.Kf1 Bxf3 21.Rxb8
Bxg2+ 22.Kxg2 Nxb8 23.d5 Ke7 24.Rb3 Kd6 25.Rb7 Nd7 26.Ra7 Nc5 27.Kf1 f5 28.f3
Re3 {#R} 0-1

[Event "ch-ROU 2017"]
[Site "masterchessopen.com Calimanesti-Caciulata ROU"]
[Date "2017.03.31"]
[Round "7.22"]
[White "Vasiliu,Cosmin"]
[Black "Stanciu,Al"]
[Result "0-1"]
[WhiteElo "2052"]
[BlackElo "2285"]

1.e4 c6 2.d4 d5 3.exd5 cxd5 4.Bd3 Nc6 5.c3 Qc7 6.Na3 a6 7.Nc2 Nf6 8.h3 g6
9.Qf3 Bg7 10.Ne2 e5 11.dxe5 Nxe5 12.Qe3 O-O 13.O-O Re8 14.Ned4 Bd7 15.Rd1 Rad8
16.Qd2 Ne4 17.Bxe4 dxe4 18.Qf4 f5 19.Qg3 h6 20.h4 Qb6 21.Nb3 Nd3 22.Be3 Qf6
23.Rxd3 exd3 24.Bd4 Qf7 25.Qxd3 Bb5 26.Qf3 Be2 27.Qh3 Bc4 28.Bxg7 Rd3 29.Qh2
Bxb3 30.axb3 Qxg7 31.Nd4 Qe5 32.Qxe5 Rxe5 33.Kf1 Re4 34.Re1 Rd2 35.Rb1 Rxh4
36.Kg1 Re4 37.Kf1 Kf7 38.b4 h5 39.b5 axb5 40.Nxb5 Ree2 {#R} 0-1

[Event "ch-ROU 2017"]
[Site "masterchessopen.com Calimanesti-Caciulata ROU"]
[Date "2017.03.31"]
[Round "7.23"]
[White "Patrascu,Catalin-Lucian"]
[Black "Fluerariu,R"]
[Result "1-0"]
[WhiteElo "2275"]
[BlackElo "2030"]

1.d4 e6 2.c4 d5 3.Nf3 c5 4.cxd5 exd5 5.e3 Nf6 6.Be2 Be7 7.O-O O-O 8.Nc3 Nc6
9.dxc5 Bxc5 10.b3 Be6 11.Bb2 Qe7 12.Nb5 Ne4 13.Rc1 Rac8 14.Nfd4 Rfd8 15.Bg4
Nxd4 16.Nxd4 Bxg4 17.Qxg4 Qg5 18.Qh3 Nd6 19.Nf3 Qf5 20.Qh4 f6 21.Rfd1 Ne4
22.Rc2 Ng5 23.Rdc1 Nxf3+ 24.gxf3 Bb6 25.Qg4 Qxc2 26.Rxc2 Rxc2 27.Bxf6 Rc1+
28.Kg2 g6 29.Qe6+ {#r} 1-0

[Event "ch-ROU 2017"]
[Site "masterchessopen.com Calimanesti-Caciulata ROU"]
[Date "2017.03.31"]
[Round "7.24"]
[White "Toma,Al"]
[Black "Hanga,W"]
[Result "1-0"]
[WhiteElo "2199"]
[BlackElo "1951"]

1.e4 d6 2.d4 g6 3.Nc3 Bg7 4.f4 Nd7 5.Nf3 c6 6.Bc4 Nb6 7.Bd3 c5 8.Be3 cxd4
9.Bxd4 Nf6 10.Bb5+ Bd7 11.e5 Nh5 12.exd6 Bxb5 13.Nxb5 O-O 14.Bxg7 Nxg7 15.O-O
a6 16.dxe7 Qxe7 17.Qd4 axb5 18.Qxb6 Ra4 19.Ne5 Ne6 20.Nd3 Rc4 21.Qf2 Rfc8
22.c3 Nc5 23.Nxc5 R8xc5 24.Rae1 Qf6 25.a3 Rf5 26.g3 Qc6 27.Qe3 Kg7 28.Rf2 h5
29.Qe8 Qb6 30.Qd7 h4 31.Re5 hxg3 32.hxg3 Rf6 33.Qxb5 {#r} 1-0

[Event "ch-ROU 2017"]
[Site "masterchessopen.com Calimanesti-Caciulata ROU"]
[Date "2017.03.31"]
[Round "7.25"]
[White "Isfan,Ioan-Marius"]
[Black "Besciu,V"]
[Result "1-0"]
[WhiteElo "1955"]
[BlackElo "2140"]

1.d4 d5 2.Nf3 Nf6 3.c4 c6 4.Qb3 Nbd7 5.Nc3 e6 6.Bg5 Qa5 7.Bd2 Qb6 8.Qc2 Be7
9.e3 O-O 10.Bd3 dxc4 11.Bxc4 c5 12.O-O cxd4 13.exd4 Qc7 14.Bb3 Nb6 15.Rac1 Rd8
16.Qd3 Qd7 17.Bg5 g6 18.Rfe1 Nfd5 19.Nxd5 Nxd5 20.Bxd5 Bxg5 21.Bxe6 fxe6
22.Nxg5 Qxd4 23.Qf3 Rf8 24.Qg3 Qb6 25.Nxh7 Kxh7 26.Rc7+ Qxc7 27.Qxc7+ Kg8
28.Re3 Rf7 29.Qd8+ Rf8 30.Qe7 Rf7 31.Qe8+ Kg7 32.Rh3 Rf8 33.Qe7+ Rf7 34.Qd8
Rf8 35.Qh4 e5 36.Qe7+ {#r} 1-0

[Event "ch-ROU 2017"]
[Site "masterchessopen.com Calimanesti-Caciulata ROU"]
[Date "2017.03.31"]
[Round "7.32"]
[White "Raduica,R"]
[Black "Ion,Dragos-Cosmin"]
[Result "0-1"]
[WhiteElo "1946"]
[BlackElo "1810"]

1.e4 e5 2.Nf3 Nc6 3.Bb5 a6 4.Bxc6 dxc6 5.d3 Bd6 6.h3 Ne7 7.Bg5 f6 8.Be3 Be6
9.Nc3 Qd7 10.Qe2 c5 11.b3 Nc6 12.Na4 Nd4 13.Nxd4 cxd4 14.Bd2 b5 15.Nb2 Qc6
16.Qd1 Ba3 17.Qb1 a5 18.O-O Bb4 19.Rd1 Bc3 20.a4 Bxd2 21.Rxd2 Qc3 22.Re2 c6
23.axb5 cxb5 24.Nd1 Qc6 25.b4 a4 26.Ra3 O-O 27.Qb2 Rac8 28.f3 Rf7 29.f4 Rfc7
30.f5 Bf7 31.g4 Qxc2 32.Rxc2 Rxc2 33.Qb1 Rc1 34.Qb2 R8c2 {#R} 0-1

[Event "ch-ROU w 2017"]
[Site "masterchessopen.com Calimanesti-Caciulata ROU"]
[Date "2017.03.31"]
[Round "7.1"]
[White "Peptan,C"]
[Black "Visanescu,D"]
[Result "1-0"]
[WhiteElo "2390"]
[BlackElo "2036"]

1.d4 d5 2.c4 e6 3.Nf3 c6 4.Qc2 Nf6 5.Bg5 dxc4 6.Qxc4 Be7 7.Nc3 b5 8.Qb3 a5
9.a3 Na6 10.e3 Rb8 11.Ne5 Bd7 12.Be2 O-O 13.O-O Nc7 14.Rfc1 h6 15.Bh4 b4
16.axb4 Rxb4 17.Qc2 c5 18.Bxf6 Bxf6 19.Nxd7 Qxd7 20.Ne4 Be7 21.Nxc5 Bxc5
22.dxc5 Rfb8 23.Rcb1 Nd5 24.Rxa5 Qc7 25.Ra3 Qe5 26.f4 Qf6 27.Bf3 Nc7 28.b3 e5
29.Ra7 Nb5 30.Ra4 Nc7 31.Rxb4 Rxb4 32.Qc3 Rb5 33.fxe5 Qe7 34.b4 Ne6 35.Ra1 g6
36.Ra8+ Kg7 37.Bc6 {#r} 1-0

[Event "ch-ROU w 2017"]
[Site "masterchessopen.com Calimanesti-Caciulata ROU"]
[Date "2017.03.31"]
[Round "7.4"]
[White "Sgircea,S"]
[Black "Bogdan,El"]
[Result "1-0"]
[WhiteElo "2276"]
[BlackElo "1763"]

1.d4 Nf6 2.Nf3 g6 3.g3 Bg7 4.Bg2 O-O 5.c4 d6 6.O-O Nbd7 7.Nc3 c6 8.e4 Qc7 9.h3
e5 10.Be3 Re8 11.d5 Rd8 12.Rc1 Nb6 13.Nd2 Ne8 14.b4 Bd7 15.Qb3 Nc8 16.c5 h6
17.Nc4 b6 18.dxc6 Bxc6 19.b5 Bd7 20.Nd5 Qb8 21.cxb6 axb6 22.Ncxb6 Ra5 23.Nxc8
Rxc8 24.Ne7+ Kf8 25.Nxc8 Bxc8 26.a4 Be6 27.Qb4 Qd8 28.b6 {#r} 1-0

[Event "ch-ROU w 2017"]
[Site "masterchessopen.com Calimanesti-Caciulata ROU"]
[Date "2017.03.31"]
[Round "7.5"]
[White "Dragomirescu,An"]
[Black "Jakab,Kincso"]
[Result "1-0"]
[WhiteElo "2210"]
[BlackElo "1973"]

1.Nf3 d5 2.g3 Bf5 3.c4 e6 4.Qb3 Nc6 5.Bg2 Rb8 6.O-O Nf6 7.d3 h6 8.Nbd2 Be7
9.a3 O-O 10.Qc2 a5 11.b3 Na7 12.Bb2 c5 13.e4 dxe4 14.dxe4 Bh7 15.Qc3 Nc6
16.Rfe1 Qc7 17.e5 Nh5 18.Ne4 Rbd8 19.Qe3 Bxe4 20.Qxe4 g6 21.Bc1 Ng7 22.Bxh6
Rfe8 23.g4 b6 24.Ng5 Nd4 25.Re3 Rd7 26.Rh3 Bf8 27.Re1 Rc8 28.Qf4 Qd8 29.Ne4
Ne2+ 30.Rxe2 Rd1+ 31.Bf1 {#r} 1-0